000 01076nam0a2200289 4500
001 RU\NLR\bibl\1223701
005 20250615112227.0
010 _a978-5-699-23998-6
_95000
021 _aRU
_b2008-19251
_91053
035 _a(NLR Aleph) 001210027
090 _a72269
_c72269
100 _a20080507d2008 |||y0rusy50 ca
101 0 _arus
102 _aRU
105 _aa |||||||||
200 1 _aВсеобщая история стран мира
_eс древнейших времен [до Ренессанса]
_fОскар Егер
210 _aМосква
_cЭксмо
_d2008
215 _a766, [1] с., [14] л. цв. ил., портр., карт., факс.
_cил., портр., карт., факс.
_d26
606 1 _aВсеобщая история
_zдо 16 в.
_92517896
_3RU\NLR\auth\661492245
686 _aТ3(0)3,02
686 _aТ3(0)4,02
700 1 _4070
_7ca
_8rus
_aЕгер
_bО.
_f1830-1910
_gОскар
_9178534
_3RU\NLR\AUTH\770178585
801 0 _aRU
_bNLR
_c20080507
_gRCR
801 1 _aRU
_bNLR
_c20080507
942 _cBOOK
980 _aNB